[Event "LSS SA-2022-0-00787"]
[Site "LSS email"]
[Date "2022.01.14"]
[Round "?"]
[White "Luers, Lavas"]
[Black "Pilgram, Kurt"]
[Result "1/2-1/2"]
[WhiteElo "2102"]
[BlackElo "2163"]
[PlyCount "50"]
[EventDate "2021.12.26"]
[EventType "tourn (corr)"]
[EventRounds "6"]
[EventCountry "GER"]
[SourceTitle "Corr 2024"]
[Source "ChessBase"]
[SourceDate "2023.10.19"]
[SourceVersion "1"]
[SourceVersionDate "2023.10.19"]
[SourceQuality "1"]

1. c4 Nf6 2. Nf3 e6 3. g3 d5 4. Bg2 d4 5. 0-0 c5 6. e3 Nc6 7. d3 Be7 8. exd4 cxd4 9. Na3 0-0 10. Re1 Bd6 11. Bd2 a5 12. Rc1 h6 13. c5 Bc7 14. Nc4 Nd7 15. Nd6 Bxd6 16. cxd6 e5 17. a3 Qf6 18. Nh4 Re8 19. Be4 Qxd6 20. Nf5 Qf8 21. Qg4 Kh8 22. Bg5 Nb6 23. Qf3 Nd7 24. Qh5 Re6 25. Qh4 Rg6 1/2-1/2

[Event "LSS SA-2022-0-00787"]
[Site "LSS email"]
[Date "2022.01.13"]
[Round "?"]
[White "Luers, Lavas"]
[Black "Morcin, Tom"]
[Result "1/2-1/2"]
[WhiteElo "2102"]
[BlackElo "2035"]
[PlyCount "118"]
[EventDate "2021.12.26"]
[EventType "tourn (corr)"]
[EventRounds "6"]
[EventCountry "GER"]
[SourceTitle "Corr 2024"]
[Source "ChessBase"]
[SourceDate "2023.10.19"]
[SourceVersion "1"]
[SourceVersionDate "2023.10.19"]
[SourceQuality "1"]

1. c4 e5 2. g3 Nf6 3. Bg2 d5 4. cxd5 Nxd5 5. Nf3 Nc6 6. Nc3 Nb6 7. Rb1 a5 8. 0-0 Be7 9. b3 0-0 10. Bb2 Be6 11. d3 Qd7 12. Ne4 f6 13. d4 Bf5 14. Nh4 exd4 15. Nxf5 Qxf5 16. Bxd4 Rad8 17. e3 Nxd4 18. exd4 c6 19. Qd2 Rd7 20. Qc3 Bb4 21. Qb2 Rfd8 22. a3 Bf8 23. Rbd1 c5 24. d5 Nxd5 25. Rfe1 Kh8 26. Qc1 b6 27. Nd2 b5 28. Nf1 Nc7 29. Ne3 Qe6 30. Rxd7 Qxd7 31. Rd1 Qe7 32. a4 Rb8 33. Qc2 c4 34. Bf1 cxb3 35. Qxb3 b4 36. Nc4 Qc5 37. Rd7 Ne8 38. Qd3 b3 39. Rd5 Qe7 40. Rxa5 Nc7 41. Rh5 h6 42. Nb2 g5 43. a5 Qe8 44. Rh3 Kg7 45. g4 Ne6 46. Qd1 Nc5 47. a6 Rd8 48. Qa1 Qd7 49. Re3 Bd6 50. Qa5 Rb8 51. h3 Qa7 52. Qc3 Qb6 53. Qd2 Bf4 54. Re7+ Kf8 55. Qe1 Bh2+ 56. Kg2 Qc6+ 57. f3 Be5 58. Rh7 Ne6 59. Bc4 Nf4+ 1/2-1/2

[Event "LSS SA-2022-0-00787"]
[Site "LSS email"]
[Date "2022.01.13"]
[Round "?"]
[White "Nowak, Ireneusz"]
[Black "Luers, Lavas"]
[Result "1/2-1/2"]
[WhiteElo "2041"]
[BlackElo "2102"]
[PlyCount "96"]
[EventDate "2021.12.26"]
[EventType "tourn (corr)"]
[EventRounds "6"]
[EventCountry "GER"]
[SourceTitle "Corr 2024"]
[Source "ChessBase"]
[SourceDate "2023.10.19"]
[SourceVersion "1"]
[SourceVersionDate "2023.10.19"]
[SourceQuality "1"]

1. e4 e5 2. Nf3 Nf6 3. Nxe5 d6 4. Nf3 Nxe4 5. d4 d5 6. Bd3 Bd6 7. 0-0 0-0 8. c4 c6 9. Re1 Bf5 10. Qb3 Qd7 11. Nc3 Nxc3 12. Bxf5 Qxf5 13. Qxb7 Ne4 14. Qxa8 Qd7 15. cxd5 Nf6 16. Re3 Nxd5 17. Rb3 Nb4 18. Rxb4 Bxb4 19. Be3 Bd6 20. d5 c5 21. b4 cxb4 22. Rc1 Rd8 23. Bxa7 Qa4 24. Qb7 Nd7 25. Qc6 Qxa2 26. Qxd6 Qxa7 27. Qe7 Qb8 28. Nd4 Rc8 29. Nc6 Ne5 30. Rd1 Nxc6 31. dxc6 h6 32. g3 Kh7 33. Qe4+ Kh8 34. Rd7 b3 35. Rxf7 b2 36. Rb7 Qd6 37. Qg4 b1Q+ 38. Rxb1 Qxc6 39. Re1 Re8 40. Rxe8+ Qxe8 41. Qf3 h5 42. h3 g6 43. Qf6+ Kh7 44. Qd4 Qe1+ 45. Kg2 Qe7 46. Qe3 Qb7+ 47. Qf3 Qg7 48. Qa3 Qb7+ 1/2-1/2

[Event "LSS SA-2021-0-00784"]
[Site "LSS email"]
[Date "2021.12.24"]
[Round "?"]
[White "Cleto Junior, Dirceu"]
[Black "Luers, Lavas"]
[Result "1/2-1/2"]
[WhiteElo "1964"]
[BlackElo "2116"]
[PlyCount "25"]
[EventDate "2021.12.12"]
[EventType "tourn (corr)"]
[EventRounds "6"]
[EventCountry "GER"]
[SourceTitle "Corr 2024"]
[Source "ChessBase"]
[SourceDate "2023.10.19"]
[SourceVersion "1"]
[SourceVersionDate "2023.10.19"]
[SourceQuality "1"]

1. e4 e5 2. f4 exf4 3. Nf3 g5 4. h4 g4 5. Ne5 d6 6. Nxg4 Nf6 7. Nxf6+ Qxf6 8. Nc3 Nc6 9. Nd5 Qg6 10. d3 Qg3+ 11. Kd2 Nd4 12. c3 c6 13. Nf6+ 1/2-1/2

[Event "LSS SA-2021-0-00784"]
[Site "LSS email"]
[Date "2021.12.24"]
[Round "?"]
[White "Luers, Lavas"]
[Black "Martin, Simone"]
[Result "1/2-1/2"]
[WhiteElo "2116"]
[BlackElo "2063"]
[PlyCount "48"]
[EventDate "2021.12.12"]
[EventType "tourn (corr)"]
[EventRounds "6"]
[EventCountry "GER"]
[SourceTitle "Corr 2024"]
[Source "ChessBase"]
[SourceDate "2023.10.19"]
[SourceVersion "1"]
[SourceVersionDate "2023.10.19"]
[SourceQuality "1"]

1. c4 e5 2. g3 Nf6 3. Bg2 d5 4. cxd5 Nxd5 5. Nf3 Nc6 6. 0-0 Nb6 7. Nc3 Be7 8. a3 0-0 9. b4 Be6 10. Rb1 f6 11. b5 Nd4 12. e3 Nxf3+ 13. Bxf3 Qc8 14. a4 a5 15. bxa6 Rxa6 16. d4 Rd8 17. Qc2 Bf5 18. Qb3+ Kh8 19. Rb2 exd4 20. exd4 Rxd4 21. Qf7 Qf8 22. Qxf8+ Bxf8 23. Bxb7 Ra5 24. Be3 Rc4 1/2-1/2

[Event "LSS SA-2021-0-00778"]
[Site "LSS email"]
[Date "2021.11.16"]
[Round "?"]
[White "Morcin, Tom"]
[Black "Luers, Lavas"]
[Result "1/2-1/2"]
[WhiteElo "2101"]
[BlackElo "2120"]
[PlyCount "63"]
[EventDate "2021.10.17"]
[EventType "tourn (corr)"]
[EventRounds "6"]
[EventCountry "GER"]
[SourceTitle "Corr 2024"]
[Source "ChessBase"]
[SourceDate "2023.10.19"]
[SourceVersion "1"]
[SourceVersionDate "2023.10.19"]
[SourceQuality "1"]

1. d4 Nf6 2. c4 e6 3. Nf3 d5 4. Nc3 dxc4 5. e4 b5 6. e5 Nd5 7. Nxb5 Nb6 8. Be2 Nc6 9. 0-0 Be7 10. Be3 0-0 11. Nc3 Rb8 12. Qb1 Bb7 13. b3 cxb3 14. axb3 a6 15. Bxa6 Bxa6 16. Rxa6 Nb4 17. Ra1 Qd7 18. Rc1 Ra8 19. Na4 Nxa4 20. bxa4 Rxa4 21. Rxa4 Qxa4 22. Rxc7 Nd5 23. Rc2 Ra8 24. h3 Qa3 25. Bd2 h6 26. Kh2 Bb4 27. Bc1 Qa6 28. Be3 Bc3 29. Qb3 Qa3 30. Qc4 Bb4 31. Qe2 Qa6 32. Qd1 1/2-1/2

[Event "LSS SA-2021-0-00778"]
[Site "LSS email"]
[Date "2021.11.16"]
[Round "?"]
[White "Pilgram, Kurt"]
[Black "Luers, Lavas"]
[Result "1/2-1/2"]
[WhiteElo "2183"]
[BlackElo "2120"]
[PlyCount "61"]
[EventDate "2021.10.17"]
[EventType "tourn (corr)"]
[EventRounds "6"]
[EventCountry "GER"]
[SourceTitle "Corr 2024"]
[Source "ChessBase"]
[SourceDate "2023.10.19"]
[SourceVersion "1"]
[SourceVersionDate "2023.10.19"]
[SourceQuality "1"]

1. e4 e5 2. Nf3 Nc6 3. Nc3 Nf6 4. d4 exd4 5. Nxd4 Bb4 6. Nxc6 bxc6 7. Bd3 d5 8. exd5 cxd5 9. 0-0 0-0 10. h3 Re8 11. Qf3 c6 12. Bf4 Be6 13. Ne2 Bd6 14. Rfe1 Qb8 15. b3 Bd7 16. Bxd6 Qxd6 17. c4 d4 18. c5 Qxc5 19. Red1 Rad8 20. Nxd4 Bxh3 21. Qxc6 Qg5 22. Bf1 Bg4 23. Nf3 Bxf3 24. Qxf3 Ng4 25. Be2 h5 26. g3 Rd2 27. Rxd2 Qxd2 28. Bc4 Ne5 29. Qxh5 Nxc4 30. bxc4 Qc3 31. Qd1 1/2-1/2

[Event "LSS SA-2021-0-00772"]
[Site "LSS email"]
[Date "2021.09.23"]
[Round "?"]
[White "Luers, Lavas"]
[Black "Sundqvist, Christer"]
[Result "1/2-1/2"]
[WhiteElo "2128"]
[BlackElo "2168"]
[PlyCount "74"]
[EventDate "2021.08.19"]
[EventType "tourn (corr)"]
[EventRounds "6"]
[EventCountry "GER"]
[SourceTitle "Corr 2024"]
[Source "ChessBase"]
[SourceDate "2023.10.19"]
[SourceVersion "1"]
[SourceVersionDate "2023.10.19"]
[SourceQuality "1"]

1. c4 Nf6 2. Nf3 e6 3. g3 d5 4. Bg2 dxc4 5. Qa4+ c6 6. Qxc4 b5 7. Qb3 a6 8. Ne5 Bb7 9. 0-0 Bc5 10. a4 0-0 11. d3 Nbd7 12. Nxd7 Qxd7 13. Nc3 h6 14. Rd1 Qe7 15. Ne4 Nxe4 16. Bxe4 Bd4 17. Bf4 Rac8 18. Rac1 Rfd8 19. Bd2 Qf6 20. e3 Bxb2 21. Rc2 Be5 22. Rdc1 Rd7 23. d4 Bd6 24. axb5 axb5 25. Bb4 Bxb4 26. Qxb4 Rdc7 27. Rc5 Qe7 28. h4 Ra8 29. Qb2 Rcc8 30. Kg2 g6 31. Qe2 Ra7 32. Qf3 Kg7 33. h5 g5 34. g4 Qf6 35. Bxc6 Qxf3+ 36. Kxf3 Bxc6+ 37. Rxc6 Rxc6 1/2-1/2

[Event "RA-2021-0-00684"]
[Site "LSS email"]
[Date "2021.07.29"]
[Round "?"]
[White "Cleto Junior, Dirceu"]
[Black "Luers, Lavas"]
[Result "1/2-1/2"]
[WhiteElo "2041"]
[BlackElo "2125"]
[PlyCount "57"]
[EventDate "2021.06.01"]
[EventType "tourn (corr)"]
[EventRounds "6"]
[EventCountry "GER"]
[SourceTitle "Corr 2024"]
[Source "ChessBase"]
[SourceDate "2023.10.19"]
[SourceVersion "1"]
[SourceVersionDate "2023.10.19"]
[SourceQuality "1"]

1. e4 c5 2. Nf3 Nc6 3. Bb5 e6 4. 0-0 Nge7 5. Re1 Nd4 6. Nxd4 cxd4 7. c3 a6 8. Bf1 Nc6 9. b4 Be7 10. a4 0-0 11. Na3 dxc3 12. dxc3 Bf6 13. Bb2 d5 14. Qc2 Qc7 15. b5 Ne5 16. exd5 exd5 17. c4 d4 18. Qe4 Ng4 19. g3 g6 20. Rad1 Bf5 21. Qg2 Rae8 22. h3 Rxe1 23. Rxe1 Ne5 24. Bxd4 Rd8 25. Bxe5 Bxe5 26. Qf3 h5 27. Nb1 axb5 28. axb5 Bd4 29. Nd2 1/2-1/2

[Event "RA-2021-0-00684"]
[Site "LSS email"]
[Date "2021.07.29"]
[Round "?"]
[White "Farnik, Kym"]
[Black "Luers, Lavas"]
[Result "1/2-1/2"]
[WhiteElo "2137"]
[BlackElo "2125"]
[PlyCount "53"]
[EventDate "2021.06.01"]
[EventType "tourn (corr)"]
[EventRounds "6"]
[EventCountry "GER"]
[SourceTitle "Corr 2024"]
[Source "ChessBase"]
[SourceDate "2023.10.19"]
[SourceVersion "1"]
[SourceVersionDate "2023.10.19"]
[SourceQuality "1"]

1. d4 Nf6 2. Bf4 g6 3. Nf3 c5 4. dxc5 Qa5+ 5. Qd2 Qxc5 6. Nc3 Bg7 7. e4 d6 8. Be2 Nc6 9. Be3 Qa5 10. h3 0-0 11. 0-0 Bd7 12. a3 Rfc8 13. Rab1 a6 14. b4 Qd8 15. Bd3 Na7 16. a4 Qc7 17. Rb3 b5 18. Ra3 Qb7 19. e5 dxe5 20. Nxe5 Be8 21. Rb1 bxa4 22. Nc4 Nb5 23. Nxb5 axb5 24. Nb6 Bc6 25. Nxa8 Qxa8 26. f3 Be8 27. Rc1 1/2-1/2

[Event "RA-2021-0-00684"]
[Site "LSS email"]
[Date "2021.07.29"]
[Round "?"]
[White "Luers, Lavas"]
[Black "Kirch, Bernhard"]
[Result "1/2-1/2"]
[WhiteElo "2125"]
[BlackElo "2088"]
[PlyCount "74"]
[EventDate "2021.06.01"]
[EventType "tourn (corr)"]
[EventRounds "6"]
[EventCountry "GER"]
[SourceTitle "Corr 2024"]
[Source "ChessBase"]
[SourceDate "2023.10.19"]
[SourceVersion "1"]
[SourceVersionDate "2023.10.19"]
[SourceQuality "1"]

1. c4 e6 2. g3 d5 3. Bg2 d4 4. d3 Nf6 5. Nf3 c5 6. 0-0 Nc6 7. e3 Bd6 8. Na3 dxe3 9. Bxe3 e5 10. Nb1 0-0 11. Nc3 h6 12. Nd2 Bg4 13. Qa4 Rc8 14. a3 Nd7 15. Qb5 Rb8 16. Bxc6 bxc6 17. Qxc6 Rb6 18. Qg2 Rxb2 19. Nde4 Nf6 20. Na4 Re2 21. h3 Nxe4 22. hxg4 Nd2 23. Rfd1 Qa5 24. Qc6 Nb3 25. Rab1 Nd4 26. Qxd6 Qxa4 27. Bxd4 cxd4 28. Rdc1 Qa5 29. Qb4 Qb6 30. Re1 Rxe1+ 31. Rxe1 f6 32. Qxb6 axb6 33. Rb1 Ra8 34. Rb3 Kf7 35. f4 Ra4 36. fxe5 fxe5 37. Kf2 e4 1/2-1/2

[Event "LSS SA-2021-0-00764"]
[Site "LSS email"]
[Date "2021.07.14"]
[Round "?"]
[White "Luers, Lavas"]
[Black "Avellan, Gerardo"]
[Result "1-0"]
[WhiteElo "2125"]
[BlackElo "2033"]
[PlyCount "31"]
[EventDate "2021.06.16"]
[EventType "tourn (corr)"]
[EventRounds "6"]
[EventCountry "GER"]
[SourceTitle "Corr 2024"]
[Source "ChessBase"]
[SourceDate "2023.10.19"]
[SourceVersion "1"]
[SourceVersionDate "2023.10.19"]
[SourceQuality "1"]

1. c4 Nf6 2. Nf3 e6 3. g3 d5 4. Bg2 dxc4 5. Qa4+ Bd7 6. Qxc4 c5 7. Ne5 Qc8 8. Nxd7 Qxd7 9. Nc3 Nc6 10. Qa4 Rc8 11. d3 b6 12. 0-0 h5 13. h4 Be7 14. Bg5 0-0 15. Rac1 Rcd8 16. Bxc6 1-0

[Event "RA-2021-0-00682"]
[Site "LSS email"]
[Date "2021.06.29"]
[Round "?"]
[White "Nowak, Ireneusz"]
[Black "Luers, Lavas"]
[Result "0-1"]
[WhiteElo "2091"]
[BlackElo "2107"]
[PlyCount "94"]
[EventDate "2021.03.23"]
[EventType "tourn (corr)"]
[EventRounds "6"]
[EventCountry "GER"]
[SourceTitle "Corr 2024"]
[Source "ChessBase"]
[SourceDate "2023.10.19"]
[SourceVersion "1"]
[SourceVersionDate "2023.10.19"]
[SourceQuality "1"]

1. e4 e5 2. Nf3 Nc6 3. Bb5 a6 4. Ba4 Nge7 5. 0-0 g6 6. c3 Bg7 7. d4 exd4 8. cxd4 b5 9. Bb3 Na5 10. Bc2 0-0 11. Re1 d6 12. Nbd2 Bb7 13. Rb1 Nac6 14. Nf1 Nb4 15. Bb3 c5 16. a3 Nbc6 17. d5 Ne5 18. Nxe5 Bxe5 19. Bh6 Re8 20. Bd2 f5 21. Bc3 Bxc3 22. bxc3 fxe4 23. Ng3 Nf5 24. Nxe4 Ng7 25. Qf3 Nh5 26. g3 Bc8 27. Nxc5 Bf5 28. Ne4 Rc8 29. Bc2 Bxe4 30. Rxe4 Qf6 31. Bd1 Qxf3 32. Rxe8+ Rxe8 33. Bxf3 Nf6 34. a4 bxa4 35. Ra1 Rc8 36. Rxa4 Rxc3 37. Be2 Rc2 38. Rxa6 Rxe2 39. Rxd6 Ng4 40. Rc6 Nxf2 41. Kf1 Rd2 42. Rc8+ Kg7 43. Ke1 Rb2 44. d6 Nd3+ 45. Kd1 Ne5 46. d7 Nxd7 47. Rc7 Rxh2 0-1

[Event "LSS SA-2021-0-00762"]
[Site "LSS email"]
[Date "2021.06.21"]
[Round "?"]
[White "Malmstrom, Jan"]
[Black "Luers, Lavas"]
[Result "0-1"]
[WhiteElo "1987"]
[BlackElo "2107"]
[PlyCount "94"]
[EventDate "2021.05.23"]
[EventType "tourn (corr)"]
[EventRounds "6"]
[EventCountry "GER"]
[SourceTitle "Corr 2024"]
[Source "ChessBase"]
[SourceDate "2023.10.19"]
[SourceVersion "1"]
[SourceVersionDate "2023.10.19"]
[SourceQuality "1"]

1. e4 e5 2. Nf3 Nc6 3. Bb5 a6 4. Ba4 Nf6 5. 0-0 Be7 6. Re1 b5 7. Bb3 0-0 8. h3 Bb7 9. d3 d5 10. exd5 Nxd5 11. a4 Nd4 12. c4 Nb4 13. Nxd4 Qxd4 14. Be3 Qxd3 15. cxb5 axb5 16. Nc3 bxa4 17. Rxa4 Rxa4 18. Bxa4 Qxd1 19. Rxd1 Rd8 20. Rc1 Nd3 21. Ra1 Nxb2 22. Bb3 Kf8 23. Ra2 Nd3 24. Ra7 Rb8 25. Bd5 c6 26. Bc4 Nc5 27. g4 Ke8 28. h4 h6 29. h5 f6 30. Kg2 Bf8 31. Kg3 Kd8 32. Ra5 Nd7 33. Na4 Ra8 34. Rxa8+ Bxa8 35. Be6 Bb7 36. Bxd7 Kxd7 37. Nc5+ Bxc5 38. Bxc5 Ke6 39. Bf8 Kf7 40. Bb4 Ba6 41. f4 exf4+ 42. Kxf4 Be2 43. Kg3 g6 44. hxg6+ Kxg6 45. Kf4 Bd3 46. Be7 f5 47. g5 hxg5+ 0-1

[Event "LSS SA-2021-0-00762"]
[Site "LSS email"]
[Date "2021.06.19"]
[Round "?"]
[White "Cleto Junior, Dirceu"]
[Black "Luers, Lavas"]
[Result "1/2-1/2"]
[WhiteElo "2081"]
[BlackElo "2107"]
[PlyCount "45"]
[EventDate "2021.05.23"]
[EventType "tourn (corr)"]
[EventRounds "6"]
[EventCountry "GER"]
[SourceTitle "Corr 2024"]
[Source "ChessBase"]
[SourceDate "2023.10.19"]
[SourceVersion "1"]
[SourceVersionDate "2023.10.19"]
[SourceQuality "1"]

1. e4 e5 2. Nf3 Nc6 3. Bc4 Bc5 4. c3 Nf6 5. d4 exd4 6. e5 d5 7. Bb5 Ne4 8. cxd4 Bb6 9. Nc3 Bg4 10. Be3 0-0 11. h3 Bh5 12. Qc2 Nxc3 13. bxc3 f6 14. exf6 Qxf6 15. Be2 Rae8 16. 0-0 h6 17. Rae1 Qd6 18. a4 Re7 19. Bd1 Bg6 20. Qa2 Bd3 21. Be2 Bxe2 22. Rxe2 Ba5 23. Rc1 1/2-1/2

[Event "LSS SA-2021-0-00762"]
[Site "LSS email"]
[Date "2021.06.19"]
[Round "?"]
[White "Luers, Lavas"]
[Black "Kazimierski, Tomasz"]
[Result "1/2-1/2"]
[WhiteElo "2107"]
[BlackElo "2047"]
[PlyCount "71"]
[EventDate "2021.05.23"]
[EventType "tourn (corr)"]
[EventRounds "6"]
[EventCountry "GER"]
[SourceTitle "Corr 2024"]
[Source "ChessBase"]
[SourceDate "2023.10.19"]
[SourceVersion "1"]
[SourceVersionDate "2023.10.19"]
[SourceQuality "1"]

1. c4 e5 2. g3 d5 3. cxd5 Qxd5 4. Nf3 Nc6 5. Nc3 Qe6 6. Bg2 Bc5 7. 0-0 Nf6 8. d3 0-0 9. a3 a5 10. Bg5 Ne8 11. Rc1 h6 12. Ne4 Bb6 13. Be3 Bxe3 14. fxe3 Nd6 15. Nh4 Qe7 16. Rf2 Nxe4 17. Bxe4 Qd6 18. Qc2 Ra6 19. Qc3 Re8 20. Nf5 Bxf5 21. Rxf5 Re7 22. Rh5 Nd8 23. Rh4 Qb6 24. Kf2 g5 25. Rh5 Qe6 26. Qc4 Qxc4 27. dxc4 Rf6+ 28. Ke1 Rb6 29. Rb1 Kg7 30. h4 f6 31. hxg5 fxg5 32. c5 Rb5 33. b4 axb4 34. axb4 Nc6 35. Bxc6 bxc6 36. g4 1/2-1/2

[Event "LSS SA-2021-0-00760"]
[Site "LSS email"]
[Date "2021.06.09"]
[Round "?"]
[White "Luers, Lavas"]
[Black "Kazimierski, Tomasz"]
[Result "1/2-1/2"]
[WhiteElo "2094"]
[BlackElo "2047"]
[PlyCount "64"]
[EventDate "2021.05.04"]
[EventType "tourn (corr)"]
[EventRounds "6"]
[EventCountry "GER"]
[SourceTitle "Corr 2024"]
[Source "ChessBase"]
[SourceDate "2023.10.19"]
[SourceVersion "1"]
[SourceVersionDate "2023.10.19"]
[SourceQuality "1"]

1. c4 e5 2. g3 c6 3. d4 exd4 4. Qxd4 Nf6 5. Bg2 Na6 6. Nf3 Bc5 7. Qe5+ Be7 8. Nc3 0-0 9. 0-0 Re8 10. Rd1 Bb4 11. Qd4 Nc5 12. Be3 d6 13. h3 a5 14. Qf4 Ne6 15. Qh4 a4 16. Rac1 a3 17. b3 h6 18. Nd4 Nf8 19. Ne4 Nxe4 20. Qxd8 Rxd8 21. Bxe4 Bxh3 22. Bxc6 bxc6 23. Nxc6 Rdb8 24. Nxb8 Rxb8 25. c5 Bxc5 26. Bxc5 dxc5 27. Rxc5 Re8 28. Rd2 Ra8 29. f3 Bd7 30. Rd6 g6 31. Kf2 h5 32. Rc7 Be6 1/2-1/2

[Event "LSS SA-2021-0-00760"]
[Site "LSS email"]
[Date "2021.06.09"]
[Round "?"]
[White "Luers, Lavas"]
[Black "Pilgram, Kurt"]
[Result "1/2-1/2"]
[WhiteElo "2094"]
[BlackElo "2157"]
[PlyCount "72"]
[EventDate "2021.05.04"]
[EventType "tourn (corr)"]
[EventRounds "6"]
[EventCountry "GER"]
[SourceTitle "Corr 2024"]
[Source "ChessBase"]
[SourceDate "2023.10.19"]
[SourceVersion "1"]
[SourceVersionDate "2023.10.19"]
[SourceQuality "1"]

1. c4 e5 2. g3 d5 3. cxd5 Nf6 4. Bg2 Nxd5 5. Nf3 Nc6 6. 0-0 Be7 7. d4 e4 8. Ne5 f5 9. Nxc6 bxc6 10. Qc2 Bd7 11. Nc3 0-0 12. f3 exf3 13. Rxf3 h6 14. e4 fxe4 15. Rxf8+ Bxf8 16. Nxe4 Qb8 17. Bd2 Qe8 18. Rf1 Rb8 19. a3 Qh5 20. b4 Be7 21. Nc3 Bd6 22. Ne4 Re8 23. Nxd6 cxd6 24. b5 cxb5 25. Qb3 Be6 26. Qxb5 Rf8 27. Rxf8+ Kxf8 28. Qb8+ Kf7 29. Qxa7+ Kg6 30. Qa5 Qg4 31. Be1 Ne3 32. h3 Qxd4 33. Qc3 Qxc3 34. Be4+ Kf7 35. Bxc3 Bxh3 36. a4 Bc8 1/2-1/2

[Event "LSS SA-2021-0-00758"]
[Site "LSS email"]
[Date "2021.05.17"]
[Round "?"]
[White "Cleto Junior, Dirceu"]
[Black "Luers, Lavas"]
[Result "0-1"]
[WhiteElo "2082"]
[BlackElo "2089"]
[PlyCount "50"]
[EventDate "2021.04.01"]
[EventType "tourn (corr)"]
[EventRounds "6"]
[EventCountry "GER"]
[SourceTitle "Corr 2024"]
[Source "ChessBase"]
[SourceDate "2023.10.19"]
[SourceVersion "1"]
[SourceVersionDate "2023.10.19"]
[SourceQuality "1"]

1. e4 e5 2. f4 exf4 3. Nf3 g5 4. h4 g4 5. Ne5 Nf6 6. d4 d6 7. Nxf7 Kxf7 8. Bxf4 Be6 9. Be2 Rg8 10. d5 Bc8 11. h5 Nbd7 12. Nc3 Kg7 13. Qd2 Ne5 14. 0-0-0 Kh8 15. Kb1 Bd7 16. h6 Rg6 17. Bd3 c6 18. Rdf1 c5 19. Ne2 c4 20. Bxe5 dxe5 21. Bxc4 b5 22. Bd3 b4 23. Ng3 Qb6 24. Nf5 Bxf5 25. Rxf5 Qd4 0-1

[Event "LSS SA-2021-0-00751"]
[Site "LSS email"]
[Date "2021.02.24"]
[Round "?"]
[White "Luers, Lavas"]
[Black "Nowak, Ireneusz"]
[Result "1/2-1/2"]
[WhiteElo "2070"]
[BlackElo "2117"]
[PlyCount "115"]
[EventDate "2021.01.13"]
[EventType "tourn (corr)"]
[EventRounds "6"]
[EventCountry "GER"]
[SourceTitle "Corr 2024"]
[Source "ChessBase"]
[SourceDate "2023.10.19"]
[SourceVersion "1"]
[SourceVersionDate "2023.10.19"]
[SourceQuality "1"]

1. c4 e5 2. Nc3 Nf6 3. Nf3 Nc6 4. g3 d5 5. cxd5 Nxd5 6. Bg2 Nb6 7. 0-0 Be7 8. a3 0-0 9. b4 Be6 10. Rb1 f6 11. d3 Nd4 12. Nd2 c6 13. Nde4 Bf7 14. Nc5 Qc7 15. e3 Ne6 16. Nxe6 Bxe6 17. Qc2 Rfd8 18. Rd1 Bf7 19. a4 Qd7 20. d4 Qe6 21. Be4 g6 22. a5 Nd5 23. Nxd5 cxd5 24. Bg2 e4 25. b5 Rdc8 26. Qb3 Qd6 27. Bh3 f5 28. Bf1 h5 29. Ra1 Qb4 30. Qa2 g5 31. Bh3 Qxb5 32. Bxf5 Rc4 33. Bh3 Rc7 34. Bd2 g4 35. Bf1 Qd7 36. Rab1 h4 37. Bb5 Qd8 38. Bf1 h3 39. Rb5 Rd7 40. Rdb1 Rb8 41. Qb3 Be6 42. Bb4 Bxb4 43. Qxb4 Rf7 44. Rb2 Kg7 45. Rc2 Kg6 46. Rbc5 Qe7 47. Qb1 Qf6 48. Qb2 Re8 49. Rc7 Rb8 50. Qa3 Re8 51. a6 Ree7 52. Rxb7 Rxb7 53. axb7 Rxb7 54. Rc6 Kg7 55. Qc1 Qf7 56. Rc5 Kg6 57. Rc6 Qd7 58. Qc2 1/2-1/2

[Event "LSS SA-2021-0-00749"]
[Site "LSS email"]
[Date "2021.01.30"]
[Round "?"]
[White "Van Bommel, Ton"]
[Black "Luers, Lavas"]
[Result "1/2-1/2"]
[WhiteElo "2163"]
[BlackElo "2066"]
[PlyCount "153"]
[EventDate "2020.12.31"]
[EventType "tourn (corr)"]
[EventRounds "6"]
[EventCountry "GER"]
[SourceTitle "Corr 2024"]
[Source "ChessBase"]
[SourceDate "2023.10.19"]
[SourceVersion "1"]
[SourceVersionDate "2023.10.19"]
[SourceQuality "1"]

1. e4 e5 2. Nf3 Nc6 3. Bc4 Bc5 4. 0-0 d6 5. d3 h6 6. c3 Qf6 7. b4 Bb6 8. a4 a6 9. Be3 Nge7 10. Bxb6 cxb6 11. Nbd2 0-0 12. Qe2 Ng6 13. Qe3 Qd8 14. b5 Nce7 15. h4 Bg4 16. bxa6 bxa6 17. Rfb1 d5 18. Bxd5 Nxd5 19. exd5 Qxd5 20. c4 Qa5 21. Rxb6 Rad8 22. Ne1 Nf4 23. Nb3 Qc3 24. Kh2 Qb2 25. a5 f6 26. Ra4 Qc3 27. Ra1 Qb2 28. Rc1 Qa3 29. g3 Ne2 30. Rb1 Qa2 31. Ra1 Qb2 32. Qd2 Qxd2 33. Nxd2 Bc8 34. Nb3 e4 35. dxe4 f5 36. exf5 Rxf5 37. f3 Re5 38. Ng2 Nd4 39. Nxd4 Rxd4 40. g4 Rxc4 41. h5 Rb5 42. Rd6 Rb2 43. Kg3 Rb3 44. Rg6 Bb7 45. Nh4 Rcc3 46. Rf1 Bc6 47. Rd6 Ra3 48. Rd8+ Kf7 49. Rd4 Kg8 50. Rf4 Ra4 51. Rd1 Rxf4 52. Kxf4 Ra3 53. Rc1 Bd5 54. Rc5 Ra4+ 55. Kg3 Be6 56. Rc6 Bc4 57. Ng6 Bb5 58. Rc8+ Kf7 59. Rc7+ Kf6 60. Ne7 Bc4 61. Nf5 Bd3 62. Nxg7 Rxa5 63. Ne8+ Ke6 64. Rc3 Bb1 65. Rb3 Bc2 66. Rb6+ Kf7 67. Nd6+ Kg8 68. Rc6 Bb1 69. Nc4 Ra4 70. Nd2 Bd3 71. Rxh6 Ra1 72. f4 a5 73. f5 a4 74. g5 a3 75. Rg6+ Kh7 76. Rh6+ Kg8 77. Rg6+ 1/2-1/2

[Event "LSS SA-2020-0-00746"]
[Site "LSS email"]
[Date "2020.12.31"]
[Round "?"]
[White "Sundqvist, Christer"]
[Black "Luers, Lavas"]
[Result "1/2-1/2"]
[WhiteElo "2159"]
[BlackElo "2074"]
[PlyCount "45"]
[EventDate "2020.12.10"]
[EventType "tourn (corr)"]
[EventRounds "6"]
[EventCountry "GER"]
[SourceTitle "Corr 2024"]
[Source "ChessBase"]
[SourceDate "2023.10.19"]
[SourceVersion "1"]
[SourceVersionDate "2023.10.19"]
[SourceQuality "1"]

1. d4 Nf6 2. c4 e6 3. Nc3 Bb4 4. Qc2 0-0 5. a3 Bxc3+ 6. Qxc3 b6 7. Bg5 Bb7 8. e3 d6 9. Ne2 Nbd7 10. Qc2 c5 11. Rd1 Qc8 12. Bh4 Ba6 13. Nc3 d5 14. cxd5 Bxf1 15. Rxf1 Nxd5 16. Nxd5 exd5 17. Qf5 cxd4 18. Rxd4 Qc1+ 19. Rd1 Qxb2 20. Qxd7 Qc3+ 21. Rd2 Qc1+ 22. Rd1 Qc3+ 23. Rd2 1/2-1/2